The humanity of God; (Record no. 131446)
[ view plain ]
| 000 -LEADER | |
|---|---|
| fixed length control field | 00413nam a22001457a 4500 |
| 008 - FIXED-LENGTH DATA ELEMENTS--GENERAL INFORMATION | |
| fixed length control field | 220517b |||||||| |||| 00| 0 eng d |
| 020 ## - INTERNATIONAL STANDARD BOOK NUMBER | |
| International Standard Book Number | 0883441845. |
| 050 ## - LIBRARY OF CONGRESS CALL NUMBER | |
| Classification number | BS544. B3713 |
| 100 ## - MAIN ENTRY--PERSONAL NAME | |
| Personal name | Barbotin, Edmond |
| 9 (RLIN) | 51635 |
| 245 ## - TITLE STATEMENT | |
| Title | The humanity of God; |
| Statement of responsibility, etc | Edmond, Barbotin |
| 260 ## - PUBLICATION, DISTRIBUTION, ETC. (IMPRINT) | |
| Place of publication, distribution, etc | New York: |
| Name of publisher, distributor, etc | Orbis Books, |
| Date of publication, distribution, etc | 1970. |
| 300 ## - PHYSICAL DESCRIPTION | |
| Extent | vi,310p.; |
| Dimensions | 22cm. |
| 650 ## - SUBJECT ADDED ENTRY--TOPICAL TERM | |
| Topical term or geographic name as entry element | God, |
| General subdivision | biblical teaching |
| 942 ## - ADDED ENTRY ELEMENTS (KOHA) | |
| Item type | Monograph ( Printed materials) |
| Source of classification or shelving scheme | Library of Congress Classification |
| Withdrawn status | Lost status | Source of classification or shelving scheme | Damaged status | Not for loan | Collection code | Home library | Current library | Date acquired | Total Checkouts | Full call number | Barcode | Date last seen | Price effective from | Koha item type |
|---|---|---|---|---|---|---|---|---|---|---|---|---|---|---|
| Library of Congress Classification | Main Collection | ARRUPE LIBRARY | ARRUPE LIBRARY | 17/05/2022 | BS544. B3713 | 46600009232 | 17/05/2022 | 17/05/2022 | Monograph ( Printed materials) |